| 000 | 00000nam##2200000za#4500 |
| 001 | 9.643915 |
| 003 | CaOODSP |
| 005 | 20220901164807 |
| 007 | cr ||||||||||| |
| 008 | 150407|2014||||xxc|||||o f|0| 0 fre|d |
| 020 | |a978-0-660-22938-6 |
| 040 | |aCaOODSP|bfre |
| 043 | |an-cn--- |
| 086 | 1 |aJ2-406/2014F-PDF |
| 110 | 1 |aCanada.|bJustice Canada. |
| 245 | 10|aOptimisation de l'investissement fédéral dans l'aide juridique en matière criminelle / |h[ressource électronique]|cproduit par : Prairie Research Associates (PRA Inc.). |
| 260 | |aOttawa - Ontario : |bJustice Canada |c2014. |
| 300 | |a230p.|bréférences, tableaux |
| 590 | |a15-04|b2015-01-23 |
| 691 | 07|aAide juridique|2gcpds |
| 775 | 08|tMaximizing the federal investment in criminal legal aid / |w(CaOODSP)9.700009 |
| 856 | 40|ahttp://publications.gc.ca|qPDF|s1.71 Mo|uhttps://publications.gc.ca/collections/collection_2015/jus/J2-406-2014-fra.pdf |